000 01550nam a2200361 c 4500
999 _c435823
_d435823
003 BLK
005 20230908005128.0
008 180411b bul|||||r ||||||| ||bul||
020 _a9789542836780
040 _aBLK
041 _aBUL
_cBUL
080 _aАмериканска литература (на САЩ)
_b821.111(73)
_x-94
_z821.111(73)-94
080 _aАмерикански рок певец и композитор
_b929 Дио, Рони Джеймс
_z929 Дио, Рони Джеймс
100 1 _aДио, Рони Джеймс
_eпърви автор
_9338081
139 _aДио, Рони Джеймс и др.
_bД 62
245 1 0 _aRainbow in the Dark . Рони Джеймс Дио
_bАвтобиография
_cРони Джеймс Дио, Уенди Дио, Мик Уол; прев. от англ. Коста Сивов
260 _aСофия
_bСиела Норма
_c2021
_9217021
_n978-954-28-
300 _a268 с.
_c23 см
380 _aX
500 _aОриг. загл.: Rainbow in the dark: the autobiography / Ronnie James Dio, Mick Wall, Wendy Dio
600 1 4 _aДио, Рони Джеймс
_9224510
700 _aСивов, Коста Атанасов
_9383724
700 _aДио, Уенди
_eсъавт.
_9466882
700 _aУол, Мик
_eсъавт.
_9466883
852 _bП
_c821-9/Д 62
_aЦб 312711
852 _bП
856 4 _qpdf
856 4 _qpdf
942 _cKNG
_n0
_s1
_015
944 _aCR
_c2021-11-05
_k
_lCRON CRON
999 _d435823
999 _d435823